Boletn̕ Colegio de Abogados Comercialistas

Detalles Bibliográficos
Formato: eBook
Lenguaje:español
Publicado: Bogot:̀ Editorial vLex, 2016 -
Materias:
Acceso en línea:Acceso restringido

MARC

LEADER 00000nam a22000007a 4500
005 20200109230323.0
007 cr|||| ||||
008 200109c20169999co mr|w s|||| 0|||b1spa d
022 |a 2339-3351 
035 |a 30943 
040 |a vLex 
090 |c 10109  |d 10109 
245 0 0 |a Boletn̕ Colegio de Abogados Comercialistas  |h [Recurso electrn̤ico] / 
256 |a Servicio en ln̕ea 
260 |a Bogot:̀  |b Editorial vLex,  |c 2016 - 
300 |a 1 recurso electrn̤ico 
310 |a Mensual 
506 1 |a Disponible solo en los productos indicados  |d vLex Global  |d vLex Global (Academic Edition, excluding Law Schools)  |d vLex Global (U.S. Academic Edition, Law Schools)  |d vLex Global (U.S. Academic Edition, excluding Law Schools)  |d vLex Global (Academic Edition, Law Schools) 
650 0 4 |a Derecho Mercantil y de la Empresa  |z Colombia 
740 0 |a vLex Revistas (Servicio en ln̕ea) 
856 4 0 |u http://vlex.com/source/boletin-colegio-de-abogados-comercialistas-30943  |z Acceso restringido 
942 |c BOOK 
999 0 |a Commercial and Business Law